Дело по разным вопросам, касающимся устава реальных училищ

Доступно только в Электронных читальных залах Найти на картеНа карте
RUSMARC
00003675nmc2a22000003x 450
001824f6e04-e5fc-485c-a713-c8814ac0d79c
00520200218194652.0
100##$a20180626l18891890k l0rusy0189 ca
1010#$arus
102##$aRU
2001#$aДело по разным вопросам, касающимся устава реальных училищ
$j9 января 1889 г. - 3 июля 1890 г.
251##$cДело
300##$aДело
801#0$aRU
$bРГИА
$c20180626
$gRCR
801#1$aRU
$bГлавНИВЦ
$c20180626
$2rusmarc
801#2$aRU
$bПБ им. Б.Н. Ельцина
$c20200218
$gRCR
$2rusmarc
850##$aРГИА
852##$aРГИА
$eФедеральное казенное учреждение "Российский государственный исторический архив" (РГИА)
$j663
937##$hРГИА
$d12231395
$aASBIBLIO_SCAN
462#0$10013f08f965-f02b-4101-ba00-0f1be0188a04
$12001
$aДела разряда средних учебных заведений Департамента народного просвещения за 1883-1897 гг.
$1251
$cОпись
$1852
$j165
461#0$1001a74412a3-3cc5-4d21-8f0a-dfe2fbd9e72d
$12001
$aДепартамент народного просвещения Министерства народного просвещения (1803-1917)
$1251
$cФонд
$1852
$j733
215##$a196 л.
$d36,5х26 см
371##$aДокумент не является опубликованным и широко распространяемым
105##$ay###
1222#$ad
035##$a824f6e04-e5fc-485c-a713-c8814ac0d79c
856##$uhttp://readingroom.main.prlib.ru/item.aspx?id_node=n140503177&mode=full
Формат отображения